Capitaines du Tournoi des 6 Nations 2025. - Statistiques

Statistiques générales
  • Ce quiz a été pris 52 fois
  • Le résultat moyen est 4 sur 6
Statistiques - réponses
Par images Hint Réponse % Correct
France Antoine Dupont
98%
Angleterre Maro Itoje
93%
Écosse Finn Russell | Rory Darge
91%
Irlande Caelan Doris
70%
Italie Michele Lamaro
60%
Pays de Galles Jac Morgan
37%
Aucun quiz correspondant
Distribution des résultats
% des personnes avec chaque résultat
Percentile par nombre de réponses
Votre historique - résultats
Vous n’avez pas pris ce quiz